000 00621nam a22001937a 4500
003 KOHA_MİRAKIL
005 20260323111038.0
008 260323b tu ||||| |||| 00| 0 tur d
020 _a9786053608530
040 _aTR-AnABB
_btur
_cTR-AnABB
041 _atur
082 _a720.9561092
_bEGL 2013
100 1 _aEgli , Ernst A.
245 1 0 _aAtatürk'ün mimarının anıları :
_bgenç Türkiye inşa edilirken /
_cErnst A. Egli ; çeviren: Güven Göktan Uçer
260 _aİstanbul :
_bTürkiye İş Bankası ,
_c2013
300 _a371 sayfa ;
_c20 cm
650 0 4 _aMimari, Türkiye
942 _2ddc
_cBK
999 _c9994
_d9994
900 _bCan ÇELIK